| 000 | 00000nam##2200000za#4500 |
| 001 | 9.571240 |
| 003 | CaOODSP |
| 005 | 20210624182629 |
| 007 | cr ||||||||||| |
| 008 | 150406|1998||||xxc|||||o f|0| 0 eng|d |
| 040 | |aCaOODSP|beng |
| 043 | |an-cn--- |
| 086 | 1 |aTU3-5/98-9E-PDF |
| 110 | 2 |aTransportation Safety Board of Canada. |
| 245 | 10|aScrape wingtip on landing, AllCanada Express Limited, Boeing 727-260 C-FACM, Hamilton, Ontario, 18 March 1998 |h[electronic resource] |
| 260 | |aGatineau - Quebec : |bTransportation Safety Board of Canada |c[1999]. |
| 300 | |a7p.|bfig. |
| 490 | 1 |aAviation investigation report |vA98O0054 |
| 590 | |a12-01-Supp|b2012-01-13 |
| 775 | 08|tImpact entre l'aile et la piste à l'atterrissage, AllCanada Express Limited, Boeing 727-260 C-FACM, Hamilton (Ontario), 18 mars 1998 |w(CaOODSP)9.601861 |
| 830 | #0|aAviation investigation report ;|vA98O0054|w(CaOODSP)9.504825 |
| 856 | 40|ahttp://publications.gc.ca|qPDF|s556 KB|uhttps://publications.gc.ca/collections/collection_2011/bst-tsb/TU3-5-98-9-eng.pdf|yA98O0054 |